Normal view
MARC view
- WEILL, A. DUDLEY,FIELD, SAMUEL
Entry Personal Name
001 - CONTROL NUMBER
- control field: 58221
003 - CONTROL NUMBER IDENTIFIER
- control field: NUST
005 - DATE AND TIME OF LATEST TRANSACTION
- control field: 20210628202103.0
008 - FIXED-LENGTH DATA ELEMENTS
- fixed length control field: 210628|| aca||aabn | a|a d
040 ## - CATALOGING SOURCE
- Original cataloging agency: NUST
- Transcribing agency: NUST
100 ## - HEADING--PERSONAL NAME
- Personal name: WEILL, A. DUDLEY,FIELD, SAMUEL
670 ## - SOURCE DATA FOUND
- Source citation: Work cat.: (NUST): WEILL, A. DUDLEY,FIELD, SAMUEL, ELECTRO PLATING A STUDY OF MODERN PRACTICE INCLUDING THE ANALYSIS OF SOLUTION, 1943
